Технология лазерной обработки конструкционных и инструментальных материалов в авиадвигателестроении: учебное пособие

Dades bibliogràfiques
Altres autors: Латыпов Р. Р. Рашид Рафгатович (редактор), Терегулов Н. Г. Наугат Гиниатуллич, Смыслов А. М. Анатолий Михайлович, Лобанов А. В. Анатолий Васильевич, Безъязычный В. Ф.
Sumari:Приведены общие сведения о лазерно-технологических системах, а также описание типовых технологических процессов обработки с применением лазерной технологии: резка материалов, обработка отверстий, термическая обработка, лазерное поверхностное легирование, а также наплавка, сварка и упрочняющая лазерная обработка. Изложены основные сведения о качестве поверхностного слоя деталей после лазерной обработки. Для студентов авиадвигателестроительных специальностей вузов, а также полезно специалистам, занимающимся производством газотурбинных двигателей летательных аппаратов, тепловых двигателей.
Idioma:rus
Publicat: Москва, Машиностроение, 2007
Col·lecció:Для вузов
Matèries:
Format: Llibre
KOHA link:https://koha.lib.tpu.ru/cgi-bin/koha/opac-detail.pl?biblionumber=124565

MARC

LEADER 00000nam0a2200000 4500
001 124565
005 20231101215858.0
010 |a 5217033487 
035 |a (RuTPU)RU\TPU\book\134816 
090 |a 124565 
100 |a 20071102d2007 m y0rusy50 ca 
101 0 |a rus 
102 |a RU 
105 |a a j 001zy 
200 1 |a Технология лазерной обработки конструкционных и инструментальных материалов в авиадвигателестроении  |e учебное пособие  |f Р. Р. Латыпов [и др.]  |g под ред. В. Ф. Безъязычного 
210 |a Москва  |c Машиностроение  |d 2007 
215 |a 234 с.  |c ил. 
225 1 |a Для вузов 
320 |a Список литературы: с. 233. 
330 |a Приведены общие сведения о лазерно-технологических системах, а также описание типовых технологических процессов обработки с применением лазерной технологии: резка материалов, обработка отверстий, термическая обработка, лазерное поверхностное легирование, а также наплавка, сварка и упрочняющая лазерная обработка. Изложены основные сведения о качестве поверхностного слоя деталей после лазерной обработки. Для студентов авиадвигателестроительных специальностей вузов, а также полезно специалистам, занимающимся производством газотурбинных двигателей летательных аппаратов, тепловых двигателей. 
606 1 |a Лазерная технология  |2 stltpush  |3 (RuTPU)RU\TPU\subj\69460  |9 84311 
606 1 |a Авиадвигателестроение  |2 stltpush  |3 (RuTPU)RU\TPU\subj\85  |9 29122 
610 1 |a конструкционные материалы 
610 1 |a инструментальные материалы 
610 1 |a лазерная обработка 
610 1 |a лазеры 
610 1 |a лазерно-технологические системы 
610 1 |a лазерная резка 
610 1 |a отверстия 
610 1 |a лазерная термическая обработка 
610 1 |a лазерное поверхностное легирование 
610 1 |a лазерная наплавка 
610 1 |a лазерная сварка 
610 1 |a упрочняющая лазерная обработка 
610 1 |a труднообрабатываемые материалы 
610 1 |a поверхностный слой 
610 1 |a качество 
610 1 |a учебные пособия 
610 1 |a авиация 
610 1 |a ракетостроение 
610 1 |a космос 
610 1 |a летательные аппараты 
610 1 |a авиационные двигатели 
610 1 |a энергетические установки 
675 |a 621.7.048.7:621.373.826(075.8)  |v 3 
675 |a 621.431.75.002(075.8)  |v 3 
701 1 |a Латыпов  |b Р. Р.  |g Рашид Рафгатович 
701 1 |a Терегулов  |b Н. Г.  |g Наугат Гиниатуллич 
701 1 |a Смыслов  |b А. М.  |g Анатолий Михайлович 
701 1 |a Лобанов  |b А. В.  |g Анатолий Васильевич 
702 1 |a Безъязычный  |b В. Ф.  |4 340 
801 1 |a RU  |b 63413507  |c 20071102  |g PSBO 
801 2 |a RU  |b 63413507  |c 20201027  |g PSBO 
900 |a Лазерная технология и оборудование 
900 |a Лазеры и их применение 
900 |a Технология конструкционных материалов 
942 |c BK 
951 |b 160300  |b 160301 
959 |a 77/20071102  |d 3  |e 264,00  |f АНЛ:1  |f ЧЗТЛ:2